000 00721nam a2200289Ia 4500
005 20260324140923.0
008 008 260324s9999 xx 000 0 eng d
020 _a9780203429341
037 _aEBOOK
040 _aCRL
040 _beng
040 _cCRL
041 _2eng
041 _aeng
084 _qCRL
100 _aMoshe Maor
_9999935
245 0 _aParties, Conflicts and Coalitions in Western Europe
245 4 _bThe Organisational Determinants of Coalition Bargaining
260 _bTaylor and Francis
260 _c1998
365 _a
365 _b240
856 _uhttp://www.taylorfrancis.com/books/9780203429341
942 _cEBOOK
999 _c1808796
_d1808796